The Twelfth Doctor's War Speech (Doctor Who) - Statistics

General Stats
  • This quiz has been taken 43 times
  • The average score is 74 of 94
Answer Stats
Answer % Correct
a
100%
a
100%
no
94%
no
94%
war.
94%
war
94%
you.
94%
you
94%
you
94%
you
94%
You
94%
be
91%
is
91%
the
91%
the
91%
This
91%
to
91%
to
91%
to
91%
to
91%
and
88%
and
88%
do
88%
in
88%
don't
85%
going
85%
going
85%
going
85%
know
85%
of
85%
of
85%
are
82%
die!
82%
down
82%
have
82%
have
82%
how
82%
How
82%
How
82%
How
82%
many
82%
many
82%
not
82%
Sit
82%
talk!
82%
who's
82%
children
79%
ever
79%
fought
79%
right
79%
right
79%
scream
79%
what
79%
always
76%
always
76%
Because
76%
Because
76%
beginning.
76%
burn!
76%
Every
76%
game
76%
idea
76%
model
76%
scale
76%
very
76%
When
76%
will
76%
will
76%
from
73%
it's
73%
it's
73%
lives
73%
matter
73%
that
73%
were
73%
feel,
70%
they
70%
whose
70%
front
67%
Kate.
67%
same.
67%
there
67%
does
64%
first
64%
until
64%
shattered.
61%
shot,
61%
everybody
58%
fire
58%
broken.
55%
blood
52%
hearts
52%
much
52%
spill
48%
No matching quizzes found
Score Distribution
Percent of People with Each Score
Percentile by Number Answered
Your Score History
You have not taken this quiz